Public private partnerships in India (policy, strategies and operationalisation issues) (Record no. 79853)

000 -LEADER
fixed length control field 01165pab a2200181 454500
008 - FIXED-LENGTH DATA ELEMENTS--GENERAL INFORMATION
fixed length control field 180718b2008 xxu||||| |||| 00| 0 eng d
100 ## - MAIN ENTRY--PERSONAL NAME
Personal name Dhar, T.N.
245 ## - TITLE STATEMENT
Title Public private partnerships in India (policy, strategies and operationalisation issues)
260 ## - PUBLICATION, DISTRIBUTION, ETC.
Date of publication, distribution, etc. 2008
300 ## - PHYSICAL DESCRIPTION
Extent p.417-430.
362 ## - DATES OF PUBLICATION AND/OR SEQUENTIAL DESIGNATION
Dates of publication and/or sequential designation Jul-Sep
520 ## - SUMMARY, ETC.
Summary, etc. PPPs are being seen as the partnerships that yield savings in cost through adoption of appropriate and cutting edge technologies, inventive designs, punctuality in implementation, greater operational efficiency and quality service at an affordable price. To take full advantage of these promising factors suitable institutional arrangements and enabling framework have to be put in place. This broadly means that apart from legislative and institutional support there is a need to develop requisite amount of enhanced technical, managerial, administrative and human skills for conceptualising, preparing and supervising such projects. - Reproduced.
650 ## - SUBJECT ADDED ENTRY--TOPICAL TERM
Topical term or geographic name entry element Public private partnership - India
650 ## - SUBJECT ADDED ENTRY--TOPICAL TERM
Topical term or geographic name entry element Public private partnership
773 ## - HOST ITEM ENTRY
Main entry heading Indian Journal of Public Administration
908 ## - PUT COMMAND PARAMETER (RLIN)
Put command parameter N
909 ## -
-- 79853
Holdings
Withdrawn status Lost status Damaged status Not for loan Permanent Location Current Location Date acquired Serial Enumeration / chronology Barcode Date last seen Price effective from Koha item type
        Indian Institute of Public Administration Indian Institute of Public Administration 2018-07-19 Volume no: 54, Issue no: 3 AR80313 2018-07-19 2018-07-19 Articles

Powered by Koha